The Cheap Bouquet - Pierce the Veil lyrics - Statistics

General Stats
  • This quiz has been taken 19 times
  • The average score is 197 of 281
Answer Stats
% Correct
a
100%
bouquet
100%
cheap
100%
I
100%
the
100%
The
100%
be
93%
buy
93%
For
93%
it
93%
It
93%
me
93%
on
93%
to
93%
To
93%
you
93%
Before
86%
before
86%
But
86%
can
86%
die
86%
display
86%
go
86%
gonna
86%
Gonna
86%
like
86%
of
86%
we
86%
what
86%
And
79%
and
79%
could
79%
dies
79%
down
79%
if
79%
If
79%
I’m
79%
in
79%
know,
79%
know
79%
should
79%
they
79%
up
79%
when
79%
your
79%
Your
79%
break
71%
Break
71%
calm
71%
Calm
71%
have
71%
is
71%
It’s
71%
it’s
71%
just
71%
love
71%
my
71%
now
71%
Oh,
71%
right
71%
side
71%
so
71%
So
71%
us
71%
all
64%
As
64%
back
64%
better
64%
can’t
64%
dark
64%
don’t
64%
hands
64%
myself
64%
Then
64%
these
64%
this
64%
This
64%
try
64%
use
64%
very
64%
wake
64%
what’s
64%
Will
64%
along
57%
are
57%
Are
57%
beautiful
57%
bed
57%
best
57%
come
57%
drag
57%
else
57%
getting
57%
our
57%
Our
57%
screaming
57%
severed
57%
some
57%
something
57%
somewhere
57%
take
57%
tell
57%
that
57%
That
57%
want
57%
Well
57%
car
50%
care
50%
dead
50%
doing
50%
Doing
50%
drive
50%
feeling
50%
feels
50%
Let’s
50%
lives
50%
never
50%
or
50%
talk
50%
through
50%
with
50%
young
50%
alive
43%
anymore
43%
at
43%
been
43%
begging
43%
begun
43%
cold
43%
ends
43%
finger
43%
forget
43%
Forget
43%
fun
43%
hammer
43%
into
43%
I’ve
43%
outside
43%
regret
43%
scare
43%
sea
43%
seems
43%
severing
43%
Stay
43%
Stop,
43%
teeth
43%
thousand
43%
times
43%
alright
36%
Burn
36%
drop
36%
free
36%
hell
36%
line
36%
lungs
36%
means
36%
roll
36%
someone
36%
taste
36%
top
36%
way
36%
work
36%
wrote
36%
You’ve
36%
mistaken
29%
must
29%
No matching quizzes found
Score Distribution
Percent of People with Each Score
Percentile by Number Answered
Your Score History
You have not taken this quiz